[Event "4NCL/Div3/SWD2 vs. SLOS2"]
[Site "Wokefield Park ENG"]
[Date "2008.03.01"]
[Round "7.5"]
[White "Miles, Richard"]
[Black "Foster, James J"]
[Result "1/2-1/2"]
[WhiteElo "2071"]
[BlackElo "2091"]
[PlyCount "35"]
[EventDate "2008.03.01"]
[EventType "team"]
[EventRounds "11"]
[EventCountry "ENG"]
[SourceDate "2007.09.15"]

1. d4 d5 2. c4 Bf5 3. Nc3 e6 4. Nf3 c6 5. Bf4 Qb6 6. Qc1 Nf6 7. e3 Ne4 8. c5
Qa5 9. Be2 Nd7 10. O-O Be7 11. Nxe4 Bxe4 {=} 12. a3 O-O 13. b4 Qd8 14. Qc3 Bxf3
15. Bxf3 Bg5 16. Bg3 Bh4 17. Bd6 Be7 18. Bf4 1/2-1/2

[Event "4NCL/Div3/SWD2 vs. SLOS2"]
[Site "Wokefield Park ENG"]
[Date "2008.03.01"]
[Round "7.6"]
[White "Willis, Rupert"]
[Black "Bennion, David A"]
[Result "1-0"]
[WhiteElo "1980"]
[BlackElo "2070"]
[PlyCount "93"]
[EventDate "2008.03.01"]
[EventType "team"]
[EventRounds "11"]
[EventCountry "ENG"]
[SourceDate "2007.09.15"]

1. e4 c6 2. d4 d5 3. exd5 cxd5 4. c4 Nf6 5. Nc3 e6 6. Nf3 Bb4 7. cxd5 exd5 8.
Bd3 O-O 9. h3 Ne4 10. O-O Bf5 11. Qb3 Qa5 12. Nxd5 Nc6 13. Nxb4 Qxb4 14. Nh4
Qxb3 15. axb3 Nd2 16. Nxf5 Nxf1 17. Kxf1 g6 18. Nh6+ Kg7 19. Ng4 Rfd8 20. Bh6+
Kg8 21. d5 Nd4 22. Re1 f5 23. Ne3 Nxb3 24. g4 fxg4 25. Nxg4 Kf7 26. Kg2 Re8 27.
Rd1 Rac8 28. Bb5 Re4 29. d6 Rd4 30. d7 Rd8 31. Rxd4 Nxd4 32. Bc4+ Ke7 33. Bg5+
Kxd7 34. Bxd8 Kxd8 35. Ne5 Ke7 36. Nf3 Nf5 37. Ng5 h6 38. Ne4 Nd4 39. f4 b5 40.
Bd3 a5 41. Kf2 b4 42. Nc5 Kf6 43. Ke3 Nc6 44. b3 g5 45. Ne4+ Ke7 46. fxg5 hxg5
47. Nxg5 1-0

[Event "4NCL/Div3/SWD2 vs. SLOS2"]
[Site "Wokefield Park ENG"]
[Date "2008.03.01"]
[Round "7.7"]
[White "van Kemenade, Rudy"]
[Black "Coddington, Oliver"]
[Result "0-1"]
[WhiteElo "2029"]
[BlackElo "1972"]
[PlyCount "78"]
[EventDate "2008.03.01"]
[EventType "team"]
[EventRounds "11"]
[EventCountry "ENG"]
[SourceDate "2007.09.15"]

1. f4 b5 2. Nf3 Bb7 3. g3 f5 4. Bg2 e6 5. O-O Nf6 6. c3 Be7 7. Qb3 a6 8. a4 Bd5
9. Qc2 b4 10. cxb4 Bxb4 11. Nc3 Bb7 12. Qb3 Nc6 13. d4 Qe7 14. Na2 Nd5 15. Nxb4
Qxb4 16. Qd3 a5 17. Bd2 Qb6 18. Be3 Ncb4 19. Qd2 Nc2 20. Bf2 Nxa1 21. Rxa1 Rb8
22. Ne5 Ba6 23. Nd3 Bxd3 24. Qxd3 Qxb2 25. Re1 Qb3 26. Qd2 Qc3 27. Qa2 Rb2 28.
Qa1 Ne3 29. Qc1 Qxc1 30. Rxc1 Nxg2 31. Rxc7 Ke7 32. Ra7 Ne1 33. Bxe1 Rxe2 34.
Kf1 Rxh2 35. Rxa5 Rb8 36. Re5 Rbb2 37. Kg1 Rbg2+ 38. Kf1 Ra2 39. a5 Rh1# 0-1

[Event "4NCL/Div3/SWD2 vs. SLOS2"]
[Site "Wokefield Park ENG"]
[Date "2008.03.01"]
[Round "7.8"]
[White "Martin, Katie"]
[Black "van Kemenade, Julie"]
[Result "1-0"]
[WhiteElo "1906"]
[BlackElo "1764"]
[PlyCount "71"]
[EventDate "2008.03.01"]
[EventType "team"]
[EventRounds "11"]
[EventCountry "ENG"]
[SourceDate "2007.09.15"]

1. e4 g6 2. d4 Bg7 3. Nc3 d6 4. Be3 c6 5. Qd2 Nd7 6. Nf3 b5 7. a3 Nb6 8. h3 h5
9. Rb1 Bd7 10. b3 Rc8 11. Bd3 Rc7 12. O-O Qc8 13. Rfe1 Bxh3 14. gxh3 Qxh3 15.
Nh2 Nh6 16. Bf1 Qd7 17. d5 Ng4 18. Bd4 Bh6 19. f4 O-O 20. dxc6 Qxc6 21. Bxb5
Qb7 22. Nxg4 hxg4 23. Qh2 Bg7 24. Bxg7 Kxg7 25. Qg3 Rh8 26. Bf1 f5 27. Bg2 Qc8
28. Nd5 Rxc2 29. Nxe7 Qc5+ 30. Qe3 Rxg2+ 31. Kxg2 Qc2+ 32. Qe2 Qc7 33. exf5 Nd7
34. fxg6 Nf6 35. Qc4 Qb7+ 36. Qc6 1-0

[Event "4NCL/Div3/SLOS3 vs. WES2"]
[Site "Wokefield Park ENG"]
[Date "2008.03.01"]
[Round "7.1"]
[White "Makepeace, Philip J"]
[Black "Pym, Thomas W"]
[Result "1/2-1/2"]
[WhiteElo "2012"]
[BlackElo "2086"]
[PlyCount "100"]
[EventDate "2008.03.01"]
[EventType "team"]
[EventRounds "11"]
[EventCountry "ENG"]
[SourceDate "2007.09.15"]

1. e4 g6 2. d4 Bg7 3. Nf3 d6 4. Be2 Nf6 5. Nc3 O-O 6. O-O e6 7. Bg5 h6 8. Bh4
g5 9. Bg3 Nc6 10. h4 g4 11. Ne1 e5 12. dxe5 dxe5 13. Nd3 Qd4 14. Nxe5 Nxe4 15.
Nxc6 bxc6 16. Qxd4 Bxd4 17. Nxe4 f5 18. Bc4+ Kh7 19. c3 Bb6 20. Bd3 fxe4 21.
Bxe4+ Bf5 22. Bxc6 Rad8 23. Rad1 Kg6 24. Rfe1 a5 25. Rxd8 Rxd8 26. Bf4 Kf7 27.
Bxh6 g3 28. Be3 Bxe3 29. fxe3 Rd2 30. b4 Be6 31. a4 Rc2 32. bxa5 Rxc3 33. Bb5
c6 34. Be2 Ra3 35. Rc1 Bd5 36. a6 Rxa4 37. h5 Kf6 38. Kf1 Kg5 39. Bf3 Rxa6 40.
e4 Be6 41. Ke2 Bg4 42. Rc5+ Kf4 43. Bxg4 Ra2+ 44. Kf1 Ra1+ 45. Ke2 Ra2+ 46. Ke1
Kxg4 47. h6 Rxg2 48. Kf1 Rh2 49. Rxc6 Kf3 50. Rf6+ Kxe4 1/2-1/2

[Event "4NCL/Div3/SLOS3 vs. WES2"]
[Site "Wokefield Park ENG"]
[Date "2008.03.01"]
[Round "7.2"]
[White "Yeo, Michael J"]
[Black "Varnam, Liam D"]
[Result "0-1"]
[WhiteElo "2110"]
[BlackElo "2042"]
[PlyCount "62"]
[EventDate "2008.03.01"]
[EventType "team"]
[EventRounds "11"]
[EventCountry "ENG"]
[SourceDate "2007.09.15"]

1. e4 e5 2. Nf3 Nc6 3. Bc4 Nf6 4. Ng5 d5 5. exd5 Na5 6. d3 Bd6 7. Nc3 O-O 8.
Nge4 Nxe4 9. Nxe4 f5 10. Nxd6 cxd6 11. Bd2 Nxc4 12. dxc4 f4 13. Qe2 Bf5 14. Bc3
Qg5 15. Qd2 Qxg2 16. O-O-O Rac8 17. b3 b5 18. Rhg1 Qf3 19. Kb2 bxc4 20. b4 Rb8
21. a4 Rf6 22. Rg5 h6 23. Rgg1 Be4 24. Ka2 Kh7 25. Bb2 Rf5 26. b5 c3 27. Bxc3
Rc8 28. Kb2 Rf7 29. Rge1 Rfc7 30. Rxe4 Qxe4 31. Re1 Qf5 0-1

[Event "4NCL/Div3/WWKS vs. JUTK"]
[Site "Wokefield Park ENG"]
[Date "2008.03.02"]
[Round "8.1"]
[White "Thomas, Nicholas"]
[Black "Williams, Simon K"]
[Result "1-0"]
[WhiteElo "2304"]
[BlackElo "2482"]
[PlyCount "101"]
[EventDate "2008.03.02"]
[EventType "team"]
[EventRounds "11"]
[EventCountry "ENG"]
[SourceDate "2007.09.15"]

1. e4 e6 2. d4 d5 3. Nd2 Nf6 4. e5 Nfd7 5. c3 c5 6. Bd3 Nc6 7. Ne2 cxd4 8. cxd4
f6 9. Nf4 Nxd4 10. Qh5+ Ke7 11. exf6+ Nxf6 12. Ng6+ hxg6 13. Qxh8 Kf7 14. O-O
e5 15. Nf3 Nxf3+ 16. gxf3 Qd7 17. Qh4 Qh3 18. Qg3 Bf5 19. Bxf5 Qxf5 20. Bg5 Bd6
21. Bxf6 gxf6 22. Rfd1 Ke6 23. Qg4 Rh8 24. Kg2 Rh5 25. Qxf5+ gxf5 26. h3 d4 27.
Rac1 Rh8 28. Rh1 e4 29. h4 d3 30. h5 Bf4 31. Rcd1 Bh6 32. fxe4 fxe4 33. Rhe1 f5
34. Rxd3 Ke5 35. Rd7 Rg8+ 36. Kf1 Rg5 37. Rxb7 Rxh5 38. Rxa7 Bd2 39. Rd1 e3 40.
fxe3 Bxe3 41. Re7+ Kf4 42. Ke2 Bc5 43. Rf1+ Kg5 44. Re5 Rh2+ 45. Kd1 Bd4 46.
Rexf5+ Kg6 47. R5f4 Be3 48. R4f3 Bd4 49. Rg3+ Kh7 50. b3 Be5 51. Rg4 1-0

[Event "4NCL/Div3/WWKS vs. JUTK"]
[Site "Wokefield Park ENG"]
[Date "2008.03.02"]
[Round "8.2"]
[White "Mack, Andy"]
[Black "Mason, Don"]
[Result "1/2-1/2"]
[WhiteElo "2224"]
[BlackElo "2246"]
[PlyCount "29"]
[EventDate "2008.03.02"]
[EventType "team"]
[EventRounds "11"]
[EventCountry "ENG"]
[SourceDate "2007.09.15"]

1. e4 c5 2. Nf3 Nc6 3. Bb5 g6 4. O-O Bg7 5. Re1 Nf6 6. c3 O-O 7. h3 a6 8. Bxc6
bxc6 9. d3 d6 10. Qc2 e5 11. Nbd2 Nh5 12. Nc4 Be6 13. Qa4 Bxc4 14. Qxc4 Kh8 15.
Bg5 1/2-1/2

[Event "4NCL/Div3/WWKS vs. JUTK"]
[Site "Wokefield Park ENG"]
[Date "2008.03.02"]
[Round "8.3"]
[White "James, Russell A"]
[Black "Harakis, Alexis"]
[Result "0-1"]
[WhiteElo "2225"]
[BlackElo "2205"]
[PlyCount "62"]
[EventDate "2008.03.02"]
[EventType "team"]
[EventRounds "11"]
[EventCountry "ENG"]
[SourceDate "2007.09.15"]

1. Nf3 Nf6 2. d4 d5 3. c4 e6 4. g3 Bb4+ 5. Bd2 Be7 6. Bg2 c6 7. Nc3 dxc4 8. a4
Na6 9. O-O Nb4 10. b3 cxb3 11. Qxb3 a5 12. e4 O-O 13. Be3 b6 14. Rfd1 Ba6 15.
Rd2 Ng4 16. Bf4 g5 17. Be3 Nxe3 18. fxe3 Qc7 19. Ne5 Rad8 20. Rf2 c5 21. Nb5
Bxb5 22. axb5 cxd4 23. exd4 Rxd4 24. Nxf7 Bc5 25. Kh1 Rxf7 26. Qxe6 Qd7 27. Bh3
Rd6 28. Qb3 Qe7 29. e5 Rd3 30. Rxf7 Qxf7 31. e6 Qf3+ 0-1

[Event "4NCL/Div3/WWKS vs. JUTK"]
[Site "Wokefield Park ENG"]
[Date "2008.03.02"]
[Round "8.4"]
[White "Naylor, John"]
[Black "Shephard, Chris C W"]
[Result "0-1"]
[WhiteElo "2203"]
[BlackElo "2193"]
[PlyCount "116"]
[EventDate "2008.03.02"]
[EventType "team"]
[EventRounds "11"]
[EventCountry "ENG"]
[SourceDate "2007.09.15"]

1. e4 g6 2. d4 c6 3. Nc3 d5 4. h3 Bg7 5. Nf3 dxe4 6. Nxe4 Nf6 7. Nxf6+ exf6 8.
Bc4 Qe7+ 9. Be2 O-O 10. O-O Be6 11. Re1 Qd6 12. Be3 Nd7 13. c4 Rfd8 14. Qd2 Qf8
15. Rac1 Nb6 16. Red1 Rd7 17. Qa5 Qd8 18. b3 Nc8 19. Qxd8+ Rxd8 20. Rd2 Bf8 21.
Rcd1 Bb4 22. Rc2 Bf8 23. Bd3 Ne7 24. Re2 h6 25. Bc1 Nf5 26. Be4 Nd6 27. Bc2 Bf5
28. Bxf5 Nxf5 29. g4 Nd6 30. Rde1 f5 31. Bf4 fxg4 32. hxg4 Re8 33. Kg2 Rxe2 34.
Rxe2 Re8 35. Rxe8 Nxe8 36. Ne5 g5 37. Bg3 Bd6 38. c5 Bxe5 39. Bxe5 Kf8 40. Kf3
Ke7 41. Ke4 Ke6 42. b4 a6 43. a4 f6 44. Bh2 Ng7 45. d5+ cxd5+ 46. Kd4 h5 47. b5
axb5 48. axb5 hxg4 49. c6 b6 50. Bc7 Nf5+ 51. Kc3 Nd6 52. Kb4 Nc8 53. Bxb6 Nxb6
54. Ka5 Nc8 55. b6 Kd6 56. b7 Kc7 57. bxc8=Q+ Kxc8 58. Kb5 f5 0-1

[Event "4NCL/Div3/WWKS vs. JUTK"]
[Site "Wokefield Park ENG"]
[Date "2008.03.02"]
[Round "8.5"]
[White "Pitcher, John"]
[Black "Cooley, Chris"]
[Result "0-1"]
[WhiteElo "2191"]
[BlackElo "2275"]
[PlyCount "58"]
[EventDate "2008.03.02"]
[EventType "team"]
[EventRounds "11"]
[EventCountry "ENG"]
[SourceDate "2007.09.15"]

1. e4 c6 2. d4 d5 3. e5 Bf5 4. Nf3 e6 5. Be2 Nd7 6. O-O h6 7. b3 Ne7 8. c4 c5
9. Bb2 a6 10. Re1 dxc4 11. Bxc4 b5 12. Bd3 Bxd3 13. Qxd3 Nb6 14. Nbd2 Rc8 15.
Rac1 Nc6 16. Qe4 Nb4 17. dxc5 Rxc5 18. Bd4 Rxc1 19. Rxc1 N4d5 20. Qg4 h5 21.
Qg3 Rh6 22. h4 Rg6 23. Ng5 f6 24. exf6 gxf6 25. Nde4 fxg5 26. hxg5 Nb4 27. Be5
Be7 28. Qh4 Qd3 29. f3 Qe3+ 0-1

[Event "4NCL/Div3/WWKS vs. JUTK"]
[Site "Wokefield Park ENG"]
[Date "2008.03.02"]
[Round "8.6"]
[White "Rice, Chris"]
[Black "Fishburne, Stewart K"]
[Result "1-0"]
[WhiteElo "2099"]
[BlackElo "2139"]
[PlyCount "89"]
[EventDate "2008.03.02"]
[EventType "team"]
[EventRounds "11"]
[EventCountry "ENG"]
[SourceDate "2007.09.15"]

1. c4 g6 2. g3 Bg7 3. Bg2 d6 4. Nc3 Nf6 5. d3 O-O 6. Bg5 h6 7. Bd2 c6 8. e4 d5
9. cxd5 cxd5 10. e5 Nfd7 11. d4 Nb6 12. Nge2 Nc6 13. O-O Bg4 14. h3 Bxe2 15.
Nxe2 e6 16. h4 h5 17. Bg5 Qd7 18. Nf4 Nc8 19. Re1 N8e7 20. g4 hxg4 21. h5 Nf5
22. hxg6 Ncxd4 23. Nh5 fxg6 24. Nxg7 Qxg7 25. Rc1 Nf3+ 26. Bxf3 gxf3 27. Bf6
Qh6 28. Qxf3 Rac8 29. Rc3 Rxc3 30. Qxc3 Qh5 31. f3 Ng7 32. Re2 Ne8 33. Rh2 Nxf6
34. Rxh5 Nxh5 35. Kf2 Rf7 36. Qc8+ Kg7 37. Qxe6 Nf4 38. Qd6 Nh3+ 39. Ke3 Ng5
40. f4 d4+ 41. Qxd4 Ne6 42. Qd6 Nxf4 43. e6 Rf6 44. Qd7+ Kh6 45. e7 1-0

[Event "4NCL/Div3/WWKS vs. JUTK"]
[Site "Wokefield Park ENG"]
[Date "2008.03.02"]
[Round "8.7"]
[White "Galloway, Iain"]
[Black "Rich, Mark"]
[Result "1/2-1/2"]
[WhiteElo "2135"]
[BlackElo "2173"]
[PlyCount "50"]
[EventDate "2008.03.02"]
[EventType "team"]
[EventRounds "11"]
[EventCountry "ENG"]
[SourceDate "2007.09.15"]

1. e4 c5 2. Nf3 d6 3. c4 e5 4. Nc3 Nc6 5. d3 f5 6. Be2 Nf6 7. a3 Be7 8. Rb1 Nd4
9. b4 b6 10. O-O O-O 11. Nd5 Nxd5 12. cxd5 fxe4 13. dxe4 Nxe2+ 14. Qxe2 a5 15.
b5 Bg4 16. a4 Bxf3 17. gxf3 Qd7 18. Kh1 Qh3 19. Rb3 Rf7 20. Rg1 Raf8 21. Rg3
Qh5 22. h3 h6 23. Kg2 Kh7 24. Rg4 g5 25. Bd2 Ra8 1/2-1/2

[Event "4NCL/Div3/WWKS vs. JUTK"]
[Site "Wokefield Park ENG"]
[Date "2008.03.02"]
[Round "8.8"]
[White "Wilson, Alexandra"]
[Black "Stepanyan, Astghik"]
[Result "1/2-1/2"]
[WhiteElo "2070"]
[BlackElo "1745"]
[PlyCount "72"]
[EventDate "2008.03.02"]
[EventType "team"]
[EventRounds "11"]
[EventCountry "ENG"]
[SourceDate "2007.09.15"]

1. e4 c5 2. Nf3 Nc6 3. Bb5 g6 4. O-O Bg7 5. c3 a6 6. Ba4 Nf6 7. Re1 O-O 8. d4
b5 9. Bc2 cxd4 10. cxd4 Nb4 11. Bb3 a5 12. a3 Na6 13. e5 Ne8 14. Nc3 Nac7 15.
Ng5 d5 16. Qf3 e6 17. Qh3 h5 18. Bc2 f6 19. Bxg6 fxg5 20. Qxh5 Rf5 21. Bh7+ Kf8
22. Bxf5 exf5 23. Bxg5 Qd7 24. Ne2 Ra6 25. Nf4 Ne6 26. Ng6+ Kg8 27. Ne7+ Kf8
28. Qh7 Nxg5 29. Ng6+ Kf7 30. Nh8+ Ke7 31. Qh4 Bxh8 32. Qxg5+ Kf8 33. Re3 Bg7
34. Rh3 Qf7 35. Rc1 Qe6 36. f4 Bd7 1/2-1/2

[Event "4NCL/Div3/SLOS2 vs. NWE2"]
[Site "Wokefield Park ENG"]
[Date "2008.03.02"]
[Round "8.1"]
[White "Ruston, Mark R"]
[Black "Jaunooby, Ali"]
[Result "1-0"]
[WhiteElo "2116"]
[BlackElo "2177"]
[PlyCount "77"]
[EventDate "2008.03.02"]
[EventType "team"]
[EventRounds "11"]
[EventCountry "ENG"]
[SourceDate "2007.09.15"]

1. e4 g6 2. Nc3 Bg7 3. g3 c5 4. Bg2 Nc6 5. d3 e6 6. Be3 Nd4 7. Nce2 Nxe2 8.
Nxe2 Bxb2 9. Rb1 Qa5+ 10. Bd2 Qxa2 11. Rxb2 Qxb2 12. Bc3 Qb6 13. Bxh8 f6 14.
O-O d6 15. Nc3 Bd7 16. f4 O-O-O 17. Qa1 c4+ 18. Kh1 cxd3 19. cxd3 Bc6 20. Na2
Qa5 21. Qb1 Kb8 22. Rc1 Bb5 23. d4 a6 24. Nc3 Bc6 25. Nd5 Bxd5 26. exd5 exd5
27. Qb3 Re8 28. h3 f5 29. Bxd5 Re7 30. Bg2 Qd8 31. Rb1 Qc8 32. Qd5 Rd7 33. Qa5
Rc7 34. Kh2 Rc2 35. Qd5 Ka8 36. Rb6 Ne7 37. Rxa6+ Kb8 38. Qxd6+ Rc7 39. Be5 1-0

[Event "4NCL/Div3/SLOS2 vs. NWE2"]
[Site "Wokefield Park ENG"]
[Date "2008.03.02"]
[Round "8.2"]
[White "Mulligan, Stephen"]
[Black "Armstrong, Malcolm"]
[Result "1/2-1/2"]
[WhiteElo "2119"]
[BlackElo "2109"]
[PlyCount "52"]
[EventDate "2008.03.02"]
[EventType "team"]
[EventRounds "11"]
[EventCountry "ENG"]
[SourceDate "2007.09.15"]

1. d4 Nf6 2. Nf3 e6 3. Bf4 c5 4. c3 Qb6 5. Qb3 Qxb3 6. axb3 Nc6 7. e3 Be7 8.
Bd3 Nh5 9. Bg3 Nxg3 10. hxg3 d5 11. Nbd2 h6 12. Nf1 Bd7 13. g4 O-O-O 14. Ng3 g6
15. Ke2 cxd4 16. Nxd4 Nxd4+ 17. exd4 a6 18. f3 Bd6 19. Kf2 e5 20. dxe5 Bxe5 21.
Rae1 Bf6 22. Rh2 Rde8 23. Rxe8+ Bxe8 24. Ne2 Bd7 25. Nd4 Kc7 26. Rh1 Kd6
1/2-1/2

[Event "4NCL/Div3/SLOS2 vs. NWE2"]
[Site "Wokefield Park ENG"]
[Date "2008.03.02"]
[Round "8.3"]
[White "Foster, James J"]
[Black "Ociepka, Adrian"]
[Result "0-1"]
[WhiteElo "2091"]
[BlackElo "2095"]
[PlyCount "56"]
[EventDate "2008.03.02"]
[EventType "team"]
[EventRounds "11"]
[EventCountry "ENG"]
[SourceDate "2007.09.15"]

1. c4 g6 2. Nc3 Bg7 3. e4 c5 4. g3 Nc6 5. Bg2 d6 6. Nge2 e6 7. O-O Nge7 8. d3
O-O 9. Be3 Nd4 10. f4 f5 11. Rb1 Nec6 12. a3 a5 13. Kh1 Kh8 14. Bxd4 cxd4 15.
Nb5 e5 16. Qc2 Be6 17. c5 dxc5 18. Qxc5 Rc8 19. fxe5 Nxe5 20. Qxd4 Nxd3 21.
Qxd8 Rfxd8 22. exf5 Bxf5 23. Bxb7 Rb8 24. Bc6 Rb6 25. Na7 Ra6 26. Nc8 Rxc6 27.
Ne7 Be4+ 28. Kg1 Rc2 0-1

[Event "4NCL/Div3/SLOS2 vs. NWE2"]
[Site "Wokefield Park ENG"]
[Date "2008.03.02"]
[Round "8.4"]
[White "Burke, John"]
[Black "Edgell, Ben P"]
[Result "1/2-1/2"]
[WhiteElo "2083"]
[BlackElo "2092"]
[PlyCount "68"]
[EventDate "2008.03.02"]
[EventType "team"]
[EventRounds "11"]
[EventCountry "ENG"]
[SourceDate "2007.09.15"]

1. f4 Nf6 2. Nf3 g6 3. g3 Bg7 4. Bg2 O-O 5. O-O d5 6. d3 c5 7. c3 Nc6 8. Qe1 d4
9. Na3 Nd5 10. Bd2 Bg4 11. Nc4 Bxf3 12. Bxf3 Rc8 13. Rd1 e6 14. e4 dxe3 15.
Nxe3 b6 16. Qf2 Nxe3 17. Bxe3 Ne7 18. g4 Nd5 19. Bc1 Qd6 20. f5 exf5 21. gxf5
Ne7 22. Be4 Nxf5 23. Bxf5 gxf5 24. Bf4 Qd5 25. a3 Rc6 26. Bg3 Rf6 27. Qf3 Rd8
28. Rf2 Bh6 29. Kf1 Bg5 30. Qxd5 Rxd5 31. c4 Rd7 32. Be5 Re6 33. Rxf5 f6 34.
Bg3 Kf7 1/2-1/2

[Event "4NCL/Div3/SLOS2 vs. NWE2"]
[Site "Wokefield Park ENG"]
[Date "2008.03.02"]
[Round "8.5"]
[White "Purton, Ben J"]
[Black "Duckers, Harvey L"]
[Result "1/2-1/2"]
[WhiteElo "2112"]
[BlackElo "2090"]
[PlyCount "77"]
[EventDate "2008.03.02"]
[EventType "team"]
[EventRounds "11"]
[EventCountry "ENG"]
[SourceDate "2007.09.15"]

1. e4 e5 2. Nf3 Nc6 3. Bb5 Nd4 4. Nxd4 exd4 5. O-O Bc5 6. c3 c6 7. Ba4 Ne7 8.
cxd4 Bxd4 9. Nc3 O-O 10. Ne2 Bb6 11. d4 d5 12. e5 Bf5 13. Ng3 Bg6 14. Bg5 f6
15. exf6 gxf6 16. Bh6 Rf7 17. Qf3 Bxd4 18. h4 Qd7 19. Rae1 Be5 20. h5 {=} Bf5
21. Bf4 Bxf4 22. Qxf4 Bd3 23. Re3 Bxf1 24. Kxf1 Kh8 25. Bc2 Raf8 26. Rf3 c5 27.
Qh6 Ng8 28. Qe3 Qc6 29. Nf5 Rd8 30. Rg3 d4 31. Qf4 Qd5 32. h6 d3 33. Rxd3 Qxd3+
34. Bxd3 Rxd3 35. Qc4 Rfd7 36. g4 R3d5 37. Qe4 Re5 38. Qf4 Rdd5 39. Kg2 1/2-1/2

[Event "4NCL/Div3/SLOS2 vs. NWE2"]
[Site "Wokefield Park ENG"]
[Date "2008.03.02"]
[Round "8.6"]
[White "Tandi, Ed"]
[Black "Willis, Rupert"]
[Result "1/2-1/2"]
[WhiteElo "1910"]
[BlackElo "1980"]
[PlyCount "133"]
[EventDate "2008.03.02"]
[EventType "team"]
[EventRounds "11"]
[EventCountry "ENG"]
[SourceDate "2007.09.15"]

1. d4 e6 2. Nf3 f5 3. c4 Nf6 4. Nc3 Bb4 5. Bd2 b6 6. g3 Bb7 7. Bg2 O-O 8. O-O
d6 9. a3 Bxc3 10. Bxc3 Ne4 11. Qc2 Nxc3 12. Qxc3 Nd7 13. Rad1 Qe7 14. Rfe1 Rae8
15. Nh4 Bxg2 16. Nxg2 e5 17. e3 Rf7 18. b4 h6 19. f4 Nf6 20. Qd3 Ne4 21. dxe5
dxe5 22. Nh4 Qf6 23. Nf3 exf4 24. exf4 Rfe7 25. Ne5 Re6 26. Qc2 Rd8 27. Rxd8+
Qxd8 28. Rd1 Rd6 29. Rxd6 cxd6 30. Qd3 Qf6 31. Qd5+ Kh7 32. Nd3 Nc3 33. Qf3
Qd4+ 34. Kg2 Qxc4 35. Nc1 Ne4 36. Ne2 b5 37. Qe3 a6 38. Nd4 Qa2+ 39. Kh3 Nf2+
40. Kh4 Ng4 41. Qe2 Qxe2 42. Nxe2 Ne3 43. Nd4 Kg6 44. Nc6 Kf6 45. Nb8 g5+ 46.
fxg5+ hxg5+ 47. Kh5 g4 48. Nxa6 Nc4 49. Kh4 Nxa3 50. h3 gxh3 51. Kxh3 Ke5 52.
Kg2 Ke4 53. Kf2 Nc2 54. Nc7 Nd4 55. Ne8 Kd5 56. Ke3 Ne6 57. Kd3 Ke5 58. Ke3 d5
59. Kd3 d4 60. Kd2 Kd5 61. Kd3 f4 62. Nf6+ Ke5 63. Ng4+ Kf5 64. Nh6+ Kg5 65.
gxf4+ Nxf4+ 66. Kxd4 Kxh6 67. Kc5 1/2-1/2

[Event "4NCL/Div3/SLOS2 vs. NWE2"]
[Site "Wokefield Park ENG"]
[Date "2008.03.02"]
[Round "8.7"]
[White "Coddington, Oliver"]
[Black "Matzko, Richard"]
[Result "1-0"]
[WhiteElo "1972"]
[BlackElo "1920"]
[PlyCount "73"]
[EventDate "2008.03.02"]
[EventType "team"]
[EventRounds "11"]
[EventCountry "ENG"]
[SourceDate "2007.09.15"]

1. g4 d5 2. h3 h5 3. g5 e5 4. d3 Be6 5. Bg2 Nc6 6. c3 Qd7 7. b4 a6 8. a3 f5 9.
Qc2 g6 10. e4 fxe4 11. dxe4 d4 12. Nf3 Nge7 13. cxd4 Nxd4 14. Nxd4 exd4 15. Bf4
Nc6 16. e5 Bf5 17. Qc4 Bg7 18. Bxc6 bxc6 19. Nd2 Qd5 20. Qxd5 cxd5 21. Rc1 Ra7
22. Nb3 O-O 23. Bg3 d3 24. f4 Be4 25. Rg1 Rf7 26. Kd2 Ra8 27. Rc5 h4 28. Bh2
Bxe5 29. Rg4 Bd6 30. Ra5 Rh7 31. Nd4 Kf7 32. b5 Bc5 33. Nc6 Ke6 34. Rxa6 Rxa6
35. bxa6 Bf3 36. Bg1 Bxa3 37. Nd4+ 1-0

[Event "4NCL/Div3/SLOS2 vs. NWE2"]
[Site "Wokefield Park ENG"]
[Date "2008.03.02"]
[Round "8.8"]
[White "Coates, Christine"]
[Black "Martin, Katie"]
[Result "0-1"]
[WhiteElo "1490"]
[BlackElo "1906"]
[PlyCount "94"]
[EventDate "2008.03.02"]
[EventType "team"]
[EventRounds "11"]
[EventCountry "ENG"]
[SourceDate "2007.09.15"]

1. d4 Nf6 2. Nf3 g6 3. Bf4 d5 4. e3 Bg7 5. Be2 O-O 6. h3 c5 7. c3 cxd4 8. cxd4
Nc6 9. O-O Bf5 10. Bd3 Bxd3 11. Qxd3 Rc8 12. Qb3 Na5 13. Qd3 Qb6 14. Nbd2 Qxb2
15. Rfb1 Qc3 16. Qf1 Qa3 17. Nb3 b6 18. Nxa5 Qxa5 19. Qb5 Qxb5 20. Rxb5 Rc2 21.
Ne1 Rc4 22. Nf3 Rfc8 23. Rbb1 Ne4 24. Rf1 Rc2 25. a4 Re2 26. Rae1 Ra2 27. Bg3
Rcc2 28. Rc1 Nxg3 29. Rxc2 Rxc2 30. fxg3 Ra2 31. Rc1 Bh6 32. Rc3 Rxa4 33. Kh2
a5 34. Ne5 b5 35. Rc8+ Kg7 36. Ng4 b4 37. Rb8 Ra3 38. Rb5 e6 39. Rb8 Bxe3 40.
Nxe3 Rxe3 41. Rb5 Ra3 42. Kg1 b3 43. Kf1 a4 44. Kf2 Ra2+ 45. Kf3 b2 46. Rb4
Ra3+ 47. Kf4 Rb3 0-1

[Event "4NCL/Div3/WES2 vs. MIN"]
[Site "Wokefield Park ENG"]
[Date "2008.03.02"]
[Round "8.1"]
[White "Rutter, Nicholas"]
[Black "Almond, Richard"]
[Result "1-0"]
[WhiteElo "2177"]
[BlackElo "2107"]
[PlyCount "49"]
[EventDate "2008.03.02"]
[EventType "team"]
[EventRounds "11"]
[EventCountry "ENG"]
[SourceDate "2007.09.15"]

1. e4 d5 2. exd5 Qxd5 3. Nf3 Bg4 4. Be2 Nc6 5. d4 O-O-O 6. Be3 e5 7. c4 Qa5+ 8.
Bd2 Bb4 9. d5 Bxf3 10. Bxf3 Bxd2+ 11. Nxd2 Nd4 12. O-O Qb4 13. Re1 Qxb2 14. Rb1
Qxa2 15. Ra1 Qc2 16. Rxa7 Qxd1 17. Rxd1 Nf6 18. Rb1 b5 19. d6 cxd6 20. cxb5
Nxf3+ 21. gxf3 Kb8 22. Rba1 d5 23. Nb3 Rc8 24. R1a6 Rhd8 25. b6 1-0

[Event "4NCL/Div3/WES2 vs. MIN"]
[Site "Wokefield Park ENG"]
[Date "2008.03.02"]
[Round "8.2"]
[White "Parker, Robert"]
[Black "Yeo, Michael J"]
[Result "1/2-1/2"]
[WhiteElo "2092"]
[BlackElo "2110"]
[PlyCount "56"]
[EventDate "2008.03.02"]
[EventType "team"]
[EventRounds "11"]
[EventCountry "ENG"]
[SourceDate "2007.09.15"]

1. d4 d5 2. c4 Nc6 3. Nf3 Bg4 4. cxd5 Bxf3 5. dxc6 Bxc6 6. Nc3 e6 7. e4 Bb4 8.
f3 Qh4+ 9. g3 Qh5 10. Bg2 O-O-O 11. Be3 f5 12. Qb3 Bxc3+ 13. bxc3 fxe4 14. fxe4
Nf6 15. Bf4 Rhe8 16. O-O g5 17. Bxc7 Ng4 18. h3 Ne3 19. Bxd8 Nxg2 20. d5 exd5
21. exd5 Bd7 22. Rab1 b5 23. Qb4 Nf4 24. gxf4 Qxh3 25. Be7 Qg3+ 26. Kh1 Qh3+
27. Kg1 Qg3+ 28. Kh1 Qh3+ 1/2-1/2

[Event "4NCL/Div3/WES2 vs. MIN"]
[Site "Wokefield Park ENG"]
[Date "2008.03.02"]
[Round "8.3"]
[White "Neil, David R"]
[Black "Edwards, Ray B"]
[Result "1/2-1/2"]
[WhiteElo "2176"]
[BlackElo "2124"]
[PlyCount "49"]
[EventDate "2008.03.02"]
[EventType "team"]
[EventRounds "11"]
[EventCountry "ENG"]
[SourceDate "2007.09.15"]

1. Nf3 d5 2. g3 Nf6 3. Bg2 c6 4. O-O Bg4 5. h3 Bh5 6. d4 Nbd7 7. Nbd2 e6 8. Re1
Bd6 9. e4 dxe4 10. Nxe4 Nxe4 11. Rxe4 O-O 12. b3 Qc7 13. Bb2 Rad8 14. Qd2 c5
15. d5 Bxf3 16. Bxf3 Be5 17. c4 Bxb2 18. Qxb2 exd5 19. cxd5 Nf6 20. Re5 b6 21.
Rae1 Rfe8 22. Kf1 Rxe5 23. Qxe5 Qxe5 24. Rxe5 Kf8 25. Ke2 1/2-1/2

[Event "4NCL/Div3/WES2 vs. MIN"]
[Site "Wokefield Park ENG"]
[Date "2008.03.02"]
[Round "8.4"]
[White "Ackley, Peter"]
[Black "Gregory, Keith D"]
[Result "1/2-1/2"]
[WhiteElo "2139"]
[BlackElo "2086"]
[PlyCount "25"]
[EventDate "2008.03.02"]
[EventType "team"]
[EventRounds "11"]
[EventCountry "ENG"]
[SourceDate "2007.09.15"]

1. c4 d6 2. g3 g6 3. Bg2 Bg7 4. Nc3 Nf6 5. d3 O-O 6. Rb1 a5 7. a3 c6 8. e4 e5
9. Nge2 Be6 10. b4 d5 11. c5 d4 12. Na4 Nfd7 13. O-O 1/2-1/2